000 01525cac a2200409 i 4500
003 EG-GICUC
005 20260121101326.0
008 950825s1996 nyu frb 001 0 eng d
020 _a0070370893
020 _a9780070370890
040 _aDLC
_cDLC
_dDLC
_dEG-GICUC
_beng
_erda
082 0 0 _a658.913
_221
092 0 4 _221
099 _aLaw 07 1996
100 1 _aDobler, Donald W.
245 1 0 _aPurchasing and supply management :
_btext and cases /
_cDonald W. Dobler, David N. Burt.
250 _a6th edition., international edition.
264 _aNew York :
_bMcGraw-Hill,
_c1996.
300 _axxi, 963 page:
_billustrations (some color) ;
_c24 cm.
336 _atext
_btxt
_2rdacontent
337 _aunmediated
_bn
_2rdamedia
338 _avolume
_bnc
_2rdacarrier
440 0 _aMcGraw-Hill series in management
440 0 _aMcGraw-Hill series in marketing
500 _aRev. ed. of: Purchasing and materials management. 5th edition. c1990.
504 _aIncludes bibliographical references and indexes.
650 0 _aIndustrial procurement.
650 0 _aPurchasing.
650 0 _aMaterials management.
700 1 _aBurt, David N.
700 1 _aDobler, Donald W.
_tPurchasing amd materials management.
856 4 2 _uhttps://fll.law.cu.edu.eg/fulltext/bks/ENGB07-00091.pdf
856 4 2 _3Publisher description
_uhttp://www.loc.gov/catdir/description/mh022/95036200.html
856 4 1 _3Table of contents
_uhttp://www.loc.gov/catdir/toc/mh022/95036200.html
905 _a10
942 _2ddc
_cBK
_e21
_n0
999 _c44961
_d44961